Statistics for Tv Shows by synonyms

Click here to take the quiz!

General Stats

  • This quiz has been taken 47 times
  • The average score is 6 of 9

Answer Stats

HintAnswer% Correct
Large SiblingBig Brother
100%
Strolling DeceasedWalking Dead
84%
AcquaintancesFriends
78%
Destroying EvilBreaking Bad
76%
Tangoing with the CelebsDancing with the Stars
76%
Contest of ChairsGame of Thrones
71%
Outsider ObjectsStranger Things
58%
Kin ManFamily Guy
47%
Normal PerformanceRegular Show
24%

Score Distribution

Percentile by Number Answered

Percent of People with Each Score

Your Score History

You have not taken this quiz